000 01010nam a22002537a 4500
001 002357
003 DO-SdBNP
005 20160511153928.0
007 002357
008 160511b 2014 dr ||||| |||| 00| 0 spa d
020 _a9789945118667
040 _aBPMSU
_bspa
_cBPMSU
245 _aInformática 2 :
_beducación primaria /
_hderección editorial Claudia Llibre ; ilustración Ruddy Núñez...[et.a.]
260 _aSanto Domingo :
_bSantillana,
_c2014
300 _a61p. :
_bil. ;
_c29 cm.
490 _aTodos juntos
500 _aEste libro ha sido realizado de conformidad con el curriculum vigente y ha sido sometido a la aprobación del MINERD [Ministerio de Educación República Dominicana]
505 _t La computadora --
_tEl teclado --
_t El mause y el monitor --
_t Usos de la computadora --
_tTrabajar con la computadora --
700 _aLlibre,Claudia
700 _aNúñez, Ruddy
_eil.
830 _aTodos juntos
942 _2ddc
_cBK
956 _2VMATEO
_310
_620160511
_8BPMSU
_a0069
999 _c10106
_d10106